书目信息 |
| 题名: |
JSF编程实战导航
|
|
| 作者: | 尼春雨 , 徐明华 编著 | |
| 分册: | ||
| 出版信息: | 北京 清华大学出版社 2008.03 |
|
| 页数: | 348页 | |
| 开本: | 26cm | |
| 丛书名: | ||
| 单 册: | ||
| 中图分类: | TP312JA | |
| 科图分类: | ||
| 主题词: | JAVA语言--JAVA yu yan--程序设计 | |
| 电子资源: | ||
| ISBN: | 978-7-302-17158-4 | |
| 000 | 00859nam0 2200253 450 | |
| 001 | 191000013582 | |
| 005 | 20081009103329.78 | |
| 010 | @a978-7-302-17158-4@dCNY39.00 (含光盘) | |
| 010 | @a978-7-89486-854-1@b光盘 | |
| 100 | @a20080408d2008 em y0chiy0121 ea | |
| 101 | 0 | @achi |
| 102 | @aCN@b110000 | |
| 105 | @ay z 000yy | |
| 200 | 1 | @aJSF编程实战导航@AJSF bian cheng shi zhan dao hang@f徐明华, 尼春雨编著 |
| 210 | @a北京@c清华大学出版社@d2008.03 | |
| 215 | @a348页@d26cm@e1光盘 | |
| 330 | @a本书主要内容为JSF介绍,JSF起步,JSF托管Bean,导航规则,验证器和转换器,国际化,标准组件应用,表格应用实例,自定义组件应用等。 | |
| 606 | 0 | @aJAVA语言@AJAVA yu yan@x程序设计 |
| 690 | @aTP312JA@v4 | |
| 701 | 0 | @a尼春雨@Ani chun yu@4编著 |
| 701 | 0 | @a徐明华@Axu ming hua@4编著 |
| 801 | 0 | @aCN@bLR@c20081009 |
| 905 | @aZUCC@dTP312JA@eX760 | |
| 999 | @aCYP | |
| JSF编程实战导航/徐明华, 尼春雨编著.-北京:清华大学出版社,2008.03 |
| 348页;26cm+1光盘 |
| ISBN 978-7-302-17158-4:CNY39.00 (含光盘) |
| 本书主要内容为JSF介绍,JSF起步,JSF托管Bean,导航规则,验证器和转换器,国际化,标准组件应用,表格应用实例,自定义组件应用等。 |
| ● |
| 相关链接 |
|
|
|
正题名:JSF编程实战导航
索取号:TP312JA/X760
 
预约/预借
| 序号 | 登录号 | 条形码 | 馆藏地/架位号 | 状态 | 备注 |
| 1 | 841493 | 208414937 | 自科库301/301自科库 85排1列4层/ [索取号:TP312JA/X760] | 在馆 | |
| 2 | 841494 | 208414946 | 自科库301/301自科库 85排1列4层/ [索取号:TP312JA/X760] | 在馆 | |
| 3 | 841495 | 208414955 | 自科二线404/301自科库 79排2列5层/ [索取号:TP312JA/X760] | 在馆 |